Philippines / (Record no. 292355)
[ view plain ]
| 000 -LEADER | |
|---|---|
| fixed length control field | 00685nam a2200241Ia 4500 |
| 008 - FIXED-LENGTH DATA ELEMENTS--GENERAL INFORMATION | |
| fixed length control field | 160319s9999 xx 000 0 und d |
| 020 ## - INTERNATIONAL STANDARD BOOK NUMBER | |
| International Standard Book Number | 9789719344650 |
| 050 ## - LIBRARY OF CONGRESS CALL NUMBER | |
| Classification number | Fil 959.9 |
| 050 ## - LIBRARY OF CONGRESS CALL NUMBER | |
| Item number | M394p 2007 |
| 100 ## - MAIN ENTRY--PERSONAL NAME | |
| Personal name | Masangcay, Nik |
| 245 ## - TITLE STATEMENT | |
| Title | Philippines / |
| 245 ## - TITLE STATEMENT | |
| Statement of responsibility, etc | by Nik Masangkay ; text, Marlene Aguilar. |
| 260 ## - PUBLICATION, DISTRIBUTION, ETC. (IMPRINT) | |
| Place of publication, distribution, etc | Manila : |
| 260 ## - PUBLICATION, DISTRIBUTION, ETC. (IMPRINT) | |
| Name of publisher, distributor, etc | Jamayco Publishing House |
| 260 ## - PUBLICATION, DISTRIBUTION, ETC. (IMPRINT) | |
| Date of publication, distribution, etc | 2007 |
| 300 ## - PHYSICAL DESCRIPTION | |
| Extent | 170 pages : |
| 300 ## - PHYSICAL DESCRIPTION | |
| Other physical details | illustrations (chiefly color) ; |
| 300 ## - PHYSICAL DESCRIPTION | |
| Dimensions | 29 cm. |
| 650 ## - SUBJECT ADDED ENTRY--TOPICAL TERM | |
| Topical term or geographic name as entry element | Art, Modern -- 20th century -- Philippines. |
| 650 ## - SUBJECT ADDED ENTRY--TOPICAL TERM | |
| Topical term or geographic name as entry element | Art, Modern -- |
| 650 ## - SUBJECT ADDED ENTRY--TOPICAL TERM | |
| General subdivision | Pictorial works. |
| 700 ## - ADDED ENTRY--PERSONAL NAME | |
| Personal name | Aguilar, Marlene., added author. |
| Withdrawn status | Lost status | Damaged status | Home library | Current library | Shelving location | Date acquired | Total Checkouts | Full call number | Barcode | Date last seen | Price effective from | Koha item type |
|---|---|---|---|---|---|---|---|---|---|---|---|---|
| Stonyhurst Southville International School (Batangas) | Stonyhurst Southville International School (Batangas) | Filipiniana Section | 03/19/2016 | Fil 959.9 M394p 2007 | US - 1991 | 03/19/2016 | 03/19/2016 | Books |